| 000 | 00588nam a2200229Ia 4500 | ||
|---|---|---|---|
| 008 | 180523s9999 xx 000 0 und d | ||
| 020 | _a0-201-35235-4 | ||
| 050 | _aMAIN QA 551 | ||
| 050 | _b.F85 1992 c.2 | ||
| 100 | _aFuller, Gordon | ||
| 245 | 0 | _aAnalytic geometry / | |
| 245 | 0 | _cGordon Fuller, Dalton Tarwater. | |
| 250 | _a7th Edition | ||
| 260 | _aMassachusetts : | ||
| 260 | _bAddison-Wesley Publishing, | ||
| 260 | _c1992 | ||
| 300 | _a418 pages : | ||
| 300 | _billustrations ; | ||
| 300 | _c24 cm. | ||
| 500 | _aIncludes index. | ||
| 650 | _aGeometry, Analytic. | ||
| 999 |
_c357489 _d357489 |
||